| 000 | 01551cam a2200433 4500 | ||
|---|---|---|---|
| 001 | 21492 | ||
| 003 | VRT | ||
| 005 | 20260302143500.0 | ||
| 008 | 200507s2018 xo er 000 fdslo | ||
| 015 | _aSNBA2019/05 | ||
| 020 |
_a9788056902189 _q(viazané) |
||
| 035 | _aurn:nbn:sk:snk-am00dy65 | ||
| 035 | _aurn:nbn:sk:snk-am3i98a | ||
| 035 | _a3F98DDDD-4A0D-461E-905C-A1D0DD2D29A1 | ||
| 039 | 9 |
_a202310241422 _bAUTHORITY _c202005070808 _dVLOAD _c201905021605 _dmsnk21 _c201904240735 _dmsvkbb01 |
|
| 040 |
_aZKSE _bslo _cZKSE _dPPPK _dSNK _erda |
||
| 041 | 0 | _aslo | |
| 044 |
_axo _cSK |
||
| 072 | 7 |
_a821.162.4-3 _xSlovenská próza _2konspekt |
|
| 080 |
_a821.162.4-31 _22011 |
||
| 100 | 1 |
_aHavranová, Ivana, _d1952- _4aut |
|
| 245 | 1 | 0 |
_aHerečka _cIvana Havranová |
| 250 | _a1. vydanie | ||
| 264 | 1 |
_aBratislava _bMarenčin PT _c2018 |
|
| 300 |
_a158 strán _c21 cm |
||
| 336 |
_atext _btxt _2rdacontent |
||
| 337 |
_abez média _bn _2rdamedia |
||
| 338 |
_azväzok _bnc _2rdacarrier |
||
| 500 | _aObsahuje biografické údaje o autorke na prebale publikácie | ||
| 655 | 7 |
_aslovenské romány _2SNKPH |
|
| 655 | 7 |
_aSlovak fiction _2SNKPH |
|
| 942 |
_2ddc _cKLDO _n0 |
||
| 949 |
_6270001000602118 _asvkbbA 157272 _bsvkbbm 783120 |
||
| 949 |
_617A1364175 _asnkSC 183983 _bsnk2019/11465 _o909/19 _s6100:20190506 |
||
| 949 |
_62889343722 _asavukPV 28030 _bsavuk2019/1706 |
||
| 949 |
_6273K0646513 _asvkpoA 242855 _bsvkpo638297 |
||
| 949 |
_617A1375580 _asnkSC 183983 D1 _bsnk2019/20760 _o909/19 |
||
| 999 |
_c21492 _d21492 |
||